000 00509nam a22001937a 4500
003 OSt
005 20160901141040.0
008 160901b xxu||||| |||| 00| 0 eng d
020 _a1557553238
040 _cDDC.
082 _a604LEE1997.
100 _aLee,Arnie;
_910978
245 _aUpgrading your 486.
_bBuying and Replacing with Confidance.
260 _aGrand Rapids.
_bAbacus.
_c1997.
300 _aix,180p;ill,25cm.
504 _aincludes index.
650 _aComputing.
_9122
942 _2ddc
_cO_SHELF
999 _c5134
_d5134